[Event "Linares Chile op"]
[Site "Linares"]
[Date "2000.06.25"]
[Round "5"]
[White "Hernandez, Juan"]
[Black "Basualto Penalieres, Pedro Jaime"]
[Result "1-0"]
[WhiteElo "2195"]
[BlackElo "2085"]
[PlyCount "87"]
[EventDate "2000.06.24"]
[EventType "swiss"]
[EventRounds "9"]
[EventCountry "CHI"]
[SourceTitle "EXT 2001"]
[Source "ChessBase"]
[SourceDate "2000.11.22"]
[SourceVersion "1"]
[SourceVersionDate "2000.11.22"]
[SourceQuality "1"]

1. e4 e5 2. Nf3 Nc6 3. Bb5 a6 4. Ba4 Nf6 5. 0-0 Be7 6. Re1 b5 7. Bb3 d6 8. c3 0-0 9. h3 Nd7 10. d4 Bf6 11. Be3 Na5 12. Bc2 Nc4 13. Bc1 Re8 14. a4 Bb7 15. b3 Ncb6 16. a5 Nc8 17. Nbd2 b4 18. d5 bxc3 19. Nb1 g6 20. Nxc3 Bg7 21. b4 Ne7 22. Bg5 h6 23. Bxe7 Qxe7 24. Qd2 h5 25. Bd3 Qf8 26. b5 Nc5 27. Bc4 Bh6 28. Qe2 f5 29. b6 Re7 30. Ra3 Qf6 31. Nd2 Bxd2 32. Qxd2 Bc8 33. exf5 gxf5 34. Qe2 Qh4 35. Na4 Nxa4 36. Rxa4 Rg7 37. Kh2 f4 38. Ra3 Bg4 39. Qf1 Rf8 40. b7 Bd7 41. Rxe5 dxe5 42. d6+ Kh8 43. dxc7 Bxh3 44. Rxh3 1-0

[Event "Santiago op"]
[Site "Santiago de Chile"]
[Date "1999.??.??"]
[Round "4"]
[White "Hernandez, Juan"]
[Black "Cabrera Trujillo, Claudio Tomas"]
[Result "0-1"]
[WhiteElo "2195"]
[BlackElo "2025"]
[PlyCount "56"]
[EventDate "1999.??.??"]
[EventType "swiss"]
[EventRounds "9"]
[EventCountry "CHI"]
[SourceTitle "EXT 2000"]
[Source "ChessBase"]
[SourceDate "1999.11.16"]
[SourceVersion "1"]
[SourceVersionDate "1999.11.16"]
[SourceQuality "1"]

1. d4 Nf6 2. c4 e6 3. Nc3 Bb4 4. Qc2 c5 5. dxc5 Qa5 6. Bd2 Nc6 7. Nf3 Qxc5 8. e3 d5 9. cxd5 Nxd5 10. Bd3 h6 11. 0-0 0-0 12. a3 Bxc3 13. bxc3 Rd8 14. e4 Nf6 15. Be3 Qh5 16. Rfd1 b6 17. Rab1 Bb7 18. Rb5 e5 19. c4 Ng4 20. Bc1 Nd4 21. Nxd4 Qxh2+ 22. Kf1 exd4 23. Rf5 Bc8 24. Rf3 Qh1+ 25. Ke2 Qxg2 26. Bf4 Ne5 27. Rg3 Bg4+ 28. Ke1 Nxd3+ 0-1

[Event "Santiago op"]
[Site "Santiago de Chile"]
[Date "1999.??.??"]
[Round "8"]
[White "Hernandez, Juan"]
[Black "Llorens Sepulveda, Marcelo"]
[Result "0-1"]
[WhiteElo "2195"]
[BlackElo "2345"]
[PlyCount "54"]
[EventDate "1999.??.??"]
[EventType "swiss"]
[EventRounds "9"]
[EventCountry "CHI"]
[SourceTitle "EXT 2000"]
[Source "ChessBase"]
[SourceDate "1999.11.16"]
[SourceVersion "1"]
[SourceVersionDate "1999.11.16"]
[SourceQuality "1"]

1. e4 c5 2. Nf3 Nc6 3. d4 cxd4 4. Nxd4 Nf6 5. Nc3 d6 6. Be3 e5 7. Nf3 h6 8. Bc4 Be7 9. h3 0-0 10. Qe2 Be6 11. Rd1 Rc8 12. Bxe6 fxe6 13. Qb5 Qe8 14. 0-0 b6 15. Nd2 Qg6 16. Qb3 Nh5 17. Nc4 Nd4 18. Bxd4 Nf4 19. g3 exd4 20. Rxd4 d5 21. Ne5 Qg5 22. Nf3 Nxh3+ 23. Kg2 Nf4+ 24. Kg1 Qh5 25. gxf4 Qg4+ 26. Kh1 Qxf3+ 27. Kg1 Rxf4 0-1

[Event "Santiago Esucomex op"]
[Site "Santiago de Chile"]
[Date "1998.??.??"]
[Round "2"]
[White "Hernandez, Juan"]
[Black "Alvarez del Monte, Jose Luis"]
[Result "1-0"]
[WhiteElo "2215"]
[BlackElo "2395"]
[PlyCount "69"]
[EventDate "1998.??.??"]
[EventType "swiss"]
[EventRounds "9"]
[EventCountry "CHI"]
[SourceTitle "EXT 1999"]
[Source "ChessBase"]
[SourceDate "1998.11.16"]
[SourceVersion "1"]
[SourceVersionDate "1998.11.16"]
[SourceQuality "1"]

1. e4 e5 2. Nf3 d6 3. d4 exd4 4. Nxd4 Nd7 5. Bc4 Ne5 6. Be2 c5 7. Nf3 Qc7 8. Nc3 Be6 9. 0-0 0-0-0 10. Nd5 Qb8 11. c4 f6 12. b4 Ne7 13. Nxe5 fxe5 14. Bg4 Bxg4 15. Qxg4+ Rd7 16. bxc5 Nxd5 17. cxd5 dxc5 18. Be3 Qc7 19. Rac1 b6 20. g3 Bd6 21. f4 Kb8 22. fxe5 Bxe5 23. Rf5 Re7 24. Bg5 h5 25. Qf3 Rd7 26. Rxe5 g6 27. Bf4 Kb7 28. Re8 Rf7 29. Rxh8 g5 30. Bxc7 Rxf3 31. d6 Kc6 32. Rd1 Rf7 33. e5 Kd7 34. Rd8+ Kc6 35. e6 1-0

[Event "Santiago Esucomex op"]
[Site "Santiago de Chile"]
[Date "1998.??.??"]
[Round "4"]
[White "Hernandez, Juan"]
[Black "Vasquez Schroder, Rodrigo Rafael"]
[Result "0-1"]
[WhiteElo "2215"]
[BlackElo "2485"]
[PlyCount "98"]
[EventDate "1998.??.??"]
[EventType "swiss"]
[EventRounds "9"]
[EventCountry "CHI"]
[SourceTitle "EXT 1999"]
[Source "ChessBase"]
[SourceDate "1998.11.16"]
[SourceVersion "1"]
[SourceVersionDate "1998.11.16"]
[SourceQuality "1"]

1. e4 c5 2. Nf3 Nc6 3. d4 cxd4 4. Nxd4 Nf6 5. Nc3 d6 6. Bc4 Qb6 7. Be3 Qxb2 8. Ndb5 Qb4 9. Qe2 Qa5 10. Bd2 Qd8 11. Nd5 Nxd5 12. exd5 Ne5 13. Bb3 a6 14. f4 Ng4 15. Na3 b5 16. c4 Bd7 17. cxb5 axb5 18. Nxb5 Qb6 19. Bc4 Ra4 20. Bd3 Nf6 21. Be3 Qb8 22. Nc3 Rb4 23. 0-0 g6 24. Rab1 Bh6 25. Bb5 Rxb1 26. Bxd7+ Nxd7 27. Rxb1 Qd8 28. Bd4 0-0 29. Rb7 Bxf4 30. Qb5 Be5 31. Ne2 Nf6 32. a4 Qc8 33. Bxe5 dxe5 34. a5 Qc2 35. h3 Ne4 36. Rxe7 Qd1+ 37. Kh2 Nd2 38. Ng3 h5 39. Qe2 Qc1 40. Rxe5 h4 41. Nh1 Qc7 42. Kg1 Qxa5 43. Nf2 Qa1+ 44. Qe1 Ra8 45. Nd1 Qd4+ 46. Qe3 Nf3+ 47. Kf2 Qxe5 48. Qxf3 Ra2+ 49. Kf1 Rd2 0-1

[Event "ARAIS tt"]
[Site "Santiago de Chile"]
[Date "1994.??.??"]
[Round "?"]
[White "Sepulveda Herrera, Job Rodrigo"]
[Black "Hernandez, Juan"]
[Result "1-0"]
[WhiteElo "2205"]
[BlackElo "2235"]
[PlyCount "87"]
[EventDate "1994.??.??"]
[EventType "team"]
[EventRounds "10"]
[EventCountry "CHI"]
[SourceTitle "EXT 2001"]
[Source "ChessBase"]
[SourceDate "2000.11.22"]
[SourceVersion "1"]
[SourceVersionDate "2000.11.22"]
[SourceQuality "1"]

1. d4 Nf6 2. c4 g6 3. Nc3 Bg7 4. e4 0-0 5. f3 d6 6. Be3 c5 7. Nge2 Nc6 8. d5 Ne5 9. Ng3 h5 10. Be2 a6 11. 0-0 e6 12. a4 exd5 13. cxd5 h4 14. Nh1 Nh7 15. f4 Nd7 16. Qd2 Re8 17. Nf2 Ndf8 18. h3 Qa5 19. Bd3 f5 20. exf5 Bxf5 21. Bxf5 gxf5 22. Rae1 Qc7 23. Nfd1 Nf6 24. Bf2 Ng6 25. Qc2 Qd7 26. Ne3 Ne4 27. Nxe4 fxe4 28. f5 Nf4 29. Bxh4 Nd3 30. Re2 Bd4 31. Kh1 Qh7 32. Bg3 Rad8 33. Ng4 b5 34. axb5 axb5 35. b3 Kf7 36. Bf4 Qh5 37. Rxe4 Rxe4 38. Qxd3 Rde8 39. Qxb5 Re1 40. Bg3 R1e4 41. Nh2 R8e7 42. Bxd6 Re8 43. Nf3 Qxf5 44. Ng5+ 1-0

[Event "CHI-ch"]
[Site "Santiago de Chile"]
[Date "1993.??.??"]
[Round "?"]
[White "Hernandez, Juan"]
[Black "Rojas Keim, Luis Alberto"]
[Result "1-0"]
[WhiteElo "2295"]
[BlackElo "2310"]
[PlyCount "35"]
[EventDate "1993.??.??"]
[EventType "tourn"]
[EventRounds "13"]
[EventCountry "CHI"]
[SourceTitle "EXT 1998"]
[Source "ChessBase"]
[SourceDate "1997.11.17"]
[SourceVersion "1"]
[SourceVersionDate "1997.11.17"]
[SourceQuality "1"]

1. d4 d5 2. c4 c6 3. Nf3 Nf6 4. Nc3 dxc4 5. a4 Bf5 6. Ne5 e6 7. f3 Bb4 8. Bg5 c5 9. dxc5 Qa5 10. Qd4 Nd5 11. Nxc4 Qxc5 12. Qxg7 Rf8 13. e4 Nc6 14. exd5 Nd4 15. Be3 Nc2+ 16. Kf2 Qe7 17. d6 Qd7 18. Ne5 1-0